LIBRARY & INFORMATION CENTRE, KCAET, TAVANUR

ONLINE PUBLIC ACCESS CATALOGUE (OPAC)

Basic engineering metallurgy:Theories,principles and applications / (Record no. 10420)

MARC details
000 -LEADER
fixed length control field 00429cam a2200157ua 4500
041 ## - LANGUAGE CODE
Language code of text/sound track or separate title eng
082 ## - DEWEY DECIMAL CLASSIFICATION NUMBER
Classification number 669
Item number KEY/BA
100 ## - MAIN ENTRY--AUTHOR NAME
Personal name Keyser, Carl A .
245 ## - TITLE STATEMENT
Title Basic engineering metallurgy:Theories,principles and applications /
250 ## - EDITION STATEMENT
Edition statement 2 /
260 ## - PUBLICATION, DISTRIBUTION, ETC. (IMPRINT)
Place of publication London :
Name of publisher MacDonald and company ,
Year of publication 1959.
300 ## - PHYSICAL DESCRIPTION
Number of Pages 507 ; .
942 ## - ADDED ENTRY ELEMENTS (KOHA)
Koha item type Books
Holdings
Withdrawn status Lost status Damaged status Home library Current library Date acquired Full call number Accession Number Koha item type Public note
Withdrawn     KAUAET KAUAET 07/04/2012 669 3875 Books Deleted
free website counter